000 00918nas a2200313 4500
001 BR0802305
003 BR-BrBNA
005 20231205111944.0
007 ta
008 230509b bl.|||p| |||| 00| 00por d
040 _aBR-BrBNA
_bpor
_cBiblioteca Nacional de Agricultura
041 _a(Pt)
072 _aL51; L53
100 1 _aSouza, R.M.
100 1 _aFilappi, A.
100 1 _aPrestes, D.
100 1 _aListon, M.A.
100 1 _aAntoniazzi, A.
100 1 _aCecim, M.
245 1 _aPerfil protéico e eficiência reprodutiva de vacas de corte em lactação suplementadas com uréia no verão
650 _aGADO DE CORTE
650 _aURÉIA
650 _aPROTEÍNA
650 _aLACTAÇÃO
650 _aPRENHEZ
773 0 _tArchives of Veterinary Science (Brazil)
_xISSN 1517-784X
_g(2004), v. 9(2) p. 89-93
_wBR0802305
909 _a202311
_bLúcia
_c55
_dLúcia Elande
942 _2AGRIS
_n0
_cANA
999 _c195319
_d195319